书目信息 |
| 题名: |
现代语言学研究
|
|
| 作者: | 王德春 著 | |
| 分册: | ||
| 出版信息: | 福州 福建人民出版社 1983 |
|
| 页数: | 315页 | |
| 开本: | 21cm | |
| 丛书名: | ||
| 单 册: | ||
| 中图分类: | H0-06 | |
| 科图分类: | ||
| 主题词: | 语言学 | |
| 电子资源: | ||
| ISBN: | ||
| 000 | 00617nam0 2200241 45 | |
| 001 | 0183010756 | |
| 005 | 20040424144819.3 | |
| 010 | @dCNY1.16 | |
| 091 | @a7173.568 | |
| 100 | @a19950405d1983 kemy0chiy0121 ea | |
| 101 | 0 | @achi |
| 102 | @aCN@b350000 | |
| 105 | @ay z 000yy | |
| 106 | @ar | |
| 200 | 10 | @a现代语言学研究@Axian dai yu yan xue yan jiu@f王德春著 |
| 210 | @a福州@c福建人民出版社@d1983 | |
| 215 | @a315页@d21cm | |
| 606 | 0 | @a语言学 |
| 690 | @aH0-06 | |
| 701 | 0 | @a王德春@Awang de chun@4著 |
| 801 | 0 | @aCN@b上海图书馆@c20040424 |
| 801 | 2 | @aCN@bNLC@c20040424 |
| 905 | @f4@b90199-202@dH0-06@e18 | |
| 现代语言学研究/王德春著.-福州:福建人民出版社,1983 |
| 315页;21cm |
| ISBN :CNY1.16 |
| ● |
| 相关链接 |
|
|
|
|
正题名:现代语言学研究
索取号:H0-06/18
 
预约/预借
| 序号 | 登录号 | 条形码 | 馆藏地/架位号 | 状态 | 备注 |
| 1 | 0090199 | 000816852 | 第四借阅区/ [索取号:H0-06/18] | 在馆 | |
| 2 | 0090200 | 000816825 | 第四借阅区/ [索取号:H0-06/18] | 在馆 | |
| 3 | 0090201 | 000816843 | 第四借阅区/ [索取号:H0-06/18] | 在馆 | |
| 4 | 0090202 | 000816834 | 第四借阅区/ [索取号:H0-06/18] | 在馆 | |
| 5 | 0090203 | 000816861 | 第二样本阅览室/ [索取号:H0-06/18] | 在馆 |